Türkçe Rap Sanatçıları(Resme Göre) - Statistics

General Stats
  • This quiz has been taken 1 651 times
  • The average score is 33 of 97
Answer Stats
Picture Answer % Correct
Ceza
93%
Ezhel
88%
Sagopa Kajmer
83%
Killa Hakan
82%
No1
81%
Şehinşah
79%
Contra
78%
Khontkar
78%
Massaka
78%
Sansar Salvo
78%
Hidra
77%
Şanışer
77%
Gazapizm
73%
Allame
72%
Patron
72%
Joker
70%
Şam
70%
Ceg
68%
Fuat
68%
Yener Çevik
68%
Anıl Piyancı
66%
Beta
65%
Defkhan
65%
Heja
64%
Kayra
64%
Stabil
63%
Tepki
62%
Dr Fuchs
56%
Rota
54%
Grogi
51%
Maestro
50%
Saian
50%
Hayki
49%
Cashflow
48%
Server Uraz
45%
Tankurt Manas
43%
Sokrat St
38%
Aspova
37%
Keişan
36%
Xir
35%
Da Poet
33%
Çağrı Sinci
32%
Aga B
31%
Ahiyan
29%
Eko Fresh
28%
Kamufle
27%
Karaçalı
27%
Sehabe
27%
Flowart
26%
Ados
24%
Enes Alper
24%
Miraç
22%
Spade427
20%
Elleran Elvis
19%
Muşta
19%
Rapozof
17%
Sahtiyan
17%
İmpala
16%
Kezzo
16%
VEYasin
15%
Ağaçkakan
14%
İndigo
14%
K"st
13%
Santi
13%
Leşker Asakir
12%
Redo
12%
Evren Besta
11%
Pusat
11%
Şiirbaz
11%
Necip Mahfuz
10%
Sayedar
10%
Taki
10%
Kurşun
9%
Sir Dav
9%
Canka
8%
Gekko G
8%
Kodes Kahra
8%
Old G
8%
Sorgu
7%
İtaat
6%
Radansa
6%
Raziel Nisroc
6%
Dipnot
5%
Harun Adil
5%
MT
5%
Narkoz
5%
Revios
5%
Grejuva
4%
Kaptan
4%
Mafsal
4%
Sitem Depresif
4%
Zahriyan
4%
Diaz Dizzy
3%
Kanove
3%
Turgay K
3%
Ulaş
3%
Mister Geng
2%
No matching quizzes found
Score Distribution
Percent of People with Each Score
Percentile by Number Answered
Your Score History
You have not taken this quiz